<?xml version="1.0" encoding="UTF-8"?>
<record
    xmlns:xsi="http://www.w3.org/2001/XMLSchema-instance"
    xsi:schemaLocation="http://www.loc.gov/MARC21/slim http://www.loc.gov/standards/marcxml/schema/MARC21slim.xsd"
    xmlns="http://www.loc.gov/MARC21/slim">

  <leader>00725nam a22002057a 4500</leader>
  <controlfield tag="008">111011t        xxu||||| |||| 00| 0 eng d</controlfield>
  <datafield tag="020" ind1=" " ind2=" ">
    <subfield code="a">978-2-7081-3093-7</subfield>
  </datafield>
  <datafield tag="040" ind1=" " ind2=" ">
    <subfield code="a">BUAC</subfield>
    <subfield code="c">CDIRSP</subfield>
  </datafield>
  <datafield tag="041" ind1=" " ind2=" ">
    <subfield code="a">Fr</subfield>
  </datafield>
  <datafield tag="100" ind1=" " ind2=" ">
    <subfield code="a">MINTZBERG, Henry</subfield>
    <subfield code="9">19549</subfield>
  </datafield>
  <datafield tag="245" ind1=" " ind2=" ">
    <subfield code="a">Le Management</subfield>
    <subfield code="b"> : voyage au centre des organisations</subfield>
    <subfield code="c"> / Henry MINTZBERG,  Jean- Michel BEBAR,  Nathalie TREMBLAY </subfield>
  </datafield>
  <datafield tag="250" ind1=" " ind2=" ">
    <subfield code="a">2 &#xE8; Ed.</subfield>
    <subfield code="b">Revue et corrig&#xE9;e</subfield>
  </datafield>
  <datafield tag="260" ind1=" " ind2=" ">
    <subfield code="a">Paris : </subfield>
    <subfield code="b">EYROLLES,</subfield>
    <subfield code="c">2004</subfield>
  </datafield>
  <datafield tag="300" ind1=" " ind2=" ">
    <subfield code="a">703 p.</subfield>
  </datafield>
  <datafield tag="440" ind1=" " ind2=" ">
    <subfield code="a">(Editions d'Organisation)</subfield>
    <subfield code="9">19550</subfield>
  </datafield>
  <datafield tag="650" ind1=" " ind2=" ">
    <subfield code="a">Gestion : Organisation</subfield>
    <subfield code="9">19551</subfield>
  </datafield>
  <datafield tag="653" ind1=" " ind2=" ">
    <subfield code="a">Management des organisations,</subfield>
    <subfield code="a">Fonctionnement</subfield>
  </datafield>
  <datafield tag="700" ind1=" " ind2=" ">
    <subfield code="a"> BEBAR  Jean- Michel , TREMBLAY  Nathalie </subfield>
    <subfield code="c">Trad.</subfield>
    <subfield code="9">19552</subfield>
  </datafield>
  <datafield tag="942" ind1=" " ind2=" ">
    <subfield code="c">LIVR</subfield>
  </datafield>
  <datafield tag="999" ind1=" " ind2=" ">
    <subfield code="c">49783</subfield>
    <subfield code="d">49783</subfield>
  </datafield>
  <datafield tag="952" ind1=" " ind2=" ">
    <subfield code="0">0</subfield>
    <subfield code="1">0</subfield>
    <subfield code="4">0</subfield>
    <subfield code="7">0</subfield>
    <subfield code="a">CDIRSP</subfield>
    <subfield code="b">CDIRSP</subfield>
    <subfield code="d">2011-10-12</subfield>
    <subfield code="e">Don</subfield>
    <subfield code="l">0</subfield>
    <subfield code="o">HD 30.23 MIN</subfield>
    <subfield code="p">4422CDIRSP</subfield>
    <subfield code="r">2011-10-12 00:00:00</subfield>
    <subfield code="t">1</subfield>
    <subfield code="w">2011-10-12</subfield>
    <subfield code="y">LIVR</subfield>
  </datafield>
  <datafield tag="952" ind1=" " ind2=" ">
    <subfield code="0">0</subfield>
    <subfield code="1">0</subfield>
    <subfield code="4">0</subfield>
    <subfield code="7">0</subfield>
    <subfield code="a">CDIRSP</subfield>
    <subfield code="b">CDIRSP</subfield>
    <subfield code="d">2011-10-12</subfield>
    <subfield code="e">Achat</subfield>
    <subfield code="l">0</subfield>
    <subfield code="o">HD 30.23 MIN</subfield>
    <subfield code="p">4615CDIRSP</subfield>
    <subfield code="r">2011-10-12 00:00:00</subfield>
    <subfield code="t">1</subfield>
    <subfield code="w">2011-10-12</subfield>
    <subfield code="y">LIVR</subfield>
  </datafield>
  <datafield tag="952" ind1=" " ind2=" ">
    <subfield code="0">0</subfield>
    <subfield code="1">0</subfield>
    <subfield code="4">0</subfield>
    <subfield code="7">0</subfield>
    <subfield code="a">CDIRSP</subfield>
    <subfield code="b">CDIRSP</subfield>
    <subfield code="d">2011-10-12</subfield>
    <subfield code="e">Achat</subfield>
    <subfield code="l">0</subfield>
    <subfield code="o">HD 30.23 MIN</subfield>
    <subfield code="p">4616CDIRSP</subfield>
    <subfield code="r">2011-10-12 00:00:00</subfield>
    <subfield code="t">1</subfield>
    <subfield code="w">2011-10-12</subfield>
    <subfield code="y">LIV</subfield>
  </datafield>
</record>
